00349 a2200109 4500001001000000005001700010008004100027245006000068100002800128700002700156773005600183ART_3826920260410161752.0260409a 10aAplicación del principio de "ley penal más benigna"1 aSemachowicz, Esteban D.1 aBalestretti, Manuel E.0 tDoctrina tributariag- Nº 414 (sep. 2014)wREV4296